| 000 | 00702nam a2200181Ia 4500 | ||
|---|---|---|---|
| 008 | 151202s9999||||xx |||||||||||||| ||und|| | ||
| 082 | _bPNVM-76364 | ||
| 100 | _aसरदार गंगाधर बाळकृष्ण. | ||
| 245 | _aगांधी आणि आंबेडकर. | ||
| 260 | _b"सुगावा प्रकाशन,पुणे 30." | ||
| 260 | _c1987 | ||
| 300 | _a96 | ||
| 600 | _aसरदार गंगाधर बाळकृष्ण. | ||
| 630 | _aगांधी आणि आंबेडकर. | ||
| 700 | _aसरदार गंगाधर बाळकृष्ण. | ||
| 730 | _aगांधी आणि आंबेडकर. | ||
| 942 | _cBOOK | ||
| 999 |
_c1343023 _d1343020 |
||